000 00914nam a2200265 a 4500
001 BRCA_230
005 20190320202928.0
008 030611s2001 mx-a---##b---#000-0#mul-#
020 _a9687193190
040 _aDLC
_cDLC
041 _aspa
041 _aeng
050 4 _aNK7114
_b.E85 2001
245 1 0 _aEsplendor de la plata mexicana = Splendor of Mexican Silver.
260 _aMéxico
_bSmurfit Cartón y Papel de México
_c2001
300 _a307 p.
_bil. (algunas a color), mapas
_c34 cm.
500 _aContiene información sobre piezas de la Colección Franz Mayer: p. 137-139, 143, 151, 161-164, 166, 168-169, 286, 292-293 y 308
504 _aBibliografía: (p. 306-307)
546 _aTexto en español e inglés
650 1 4 _aOrfebrería en plata
_zMéxico
_9793
650 1 4 _aPlata
_xMinas y minería
_zMéxico
_9794
653 0 _aPlatería
740 0 _aSplendor of Mexican Silver
942 _2lcc
_cB
999 _c187
_d187